[Event "SR 3. liga A2 2017/2018"]
[Site "?"]
[Date "2017.10.22"]
[Round "2.5"]
[White "Miciak, Emanuel"]
[Black "Kubis, Ivan"]
[Result "1/2-1/2"]
[WhiteElo "1872"]
[BlackElo "1897"]
[PlyCount "40"]
[EventDate "2017.??.??"]

1. d4 Nf6 2. c4 e6 3. Nf3 b6 4. e3 Bb7 5. Bd3 Be7 6. Nc3 O-O 7. O-O d6 8. Re1
Nbd7 9. e4 e5 10. b3 Re8 11. Bb2 Bf8 12. Rc1 g6 13. Qe2 Bg7 14. Rcd1 exd4 15.
Nxd4 Nh5 16. Bb1 a6 17. Qd2 Ne5 18. f3 Qh4 19. Qf2 Qxf2+ 20. Kxf2 Nf4 1/2-1/2

[Event "SR 3. liga A2 2017/2018"]
[Site "?"]
[Date "2017.10.22"]
[Round "2.5"]
[White "Bilovsky, Milan"]
[Black "Kincel, Jan"]
[Result "1-0"]
[WhiteElo "1928"]
[BlackElo "1966"]
[PlyCount "44"]
[EventDate "2017.??.??"]

1. e4 c5 2. c3 d6 3. d4 Nd7 4. Nf3 g6 5. Na3 a6 6. Bd3 Bg7 7. Be3 e6 8. Rc1 Ne7
9. Qd2 O-O 10. O-O b5 11. b3 Bb7 12. c4 b4 13. Nc2 Qc7 14. Bh6 a5 15. a4 Rac8
16. Bxg7 Kxg7 17. d5 e5 18. g4 Nf6 19. h3 Qd7 20. Nh2 h6 21. f4 exf4 22. Qxf4
g5 1-0

[Event "SR 3. liga A2 2017/2018"]
[Site "?"]
[Date "2017.10.22"]
[Round "2.5"]
[White "Jancovicova, Petra"]
[Black "Zajicek, Ferdinand"]
[Result "1-0"]
[WhiteElo "1686"]
[BlackElo "1806"]
[PlyCount "59"]
[EventDate "2017.??.??"]

1. e4 c5 2. Nf3 Nc6 3. d4 cxd4 4. Nxd4 Nf6 5. Nc3 d6 6. Be2 g6 7. Be3 Bg7 8.
O-O O-O 9. h3 a6 10. f4 Qb6 11. Na4 Qb4 12. c3 Qa5 13. Nxc6 Qc7 14. Nb4 Nxe4
15. Nd5 Qd8 16. Bb6 Qd7 17. Bc7 Ra7 18. Nab6 Qe6 19. Bb8 Ng3 20. Bg4 Qe4 21.
Re1 Bxg4 22. hxg4 Rxb8 23. Rxe4 Nxe4 24. Nxe7+ Kf8 25. Qe2 Nxc3 26. bxc3 Bxc3
27. Rd1 Re8 28. Nd7+ Kg7 29. Nf5+ gxf5 30. Qxe8 1-0

[Event "SR 3. liga A2 2017/2018"]
[Site "?"]
[Date "2017.10.22"]
[Round "2.5"]
[White "Takacs, Zsolt"]
[Black "Podjavorinsky, Peter"]
[Result "1-0"]
[WhiteElo "1751"]
[BlackElo "1661"]
[PlyCount "45"]
[EventDate "2017.??.??"]

1. e4 e5 2. Nf3 Nf6 3. d3 Nc6 4. Be2 h6 5. O-O Bc5 6. c3 d5 7. exd5 Nxd5 8. b4
Bd6 9. b5 Nce7 10. c4 Nf6 11. Qc2 b6 12. Bb2 Ng6 13. Nbd2 O-O 14. d4 exd4 15.
Nxd4 Bb7 16. Bf3 Bxf3 17. N2xf3 Ng4 18. h3 N4e5 19. Nxe5 Nxe5 20. Nf5 f6 21.
Rad1 Qd7 22. Rfe1 Nxc4 23. Qxc4+ 1-0

[Event "SR 3. liga A2 2017/2018"]
[Site "?"]
[Date "2017.10.22"]
[Round "2.5"]
[White "Krchnak, Rudolf"]
[Black "Kanka, Tomas"]
[Result "0-1"]
[WhiteElo "1711"]
[BlackElo "1711"]
[PlyCount "76"]
[EventDate "2017.??.??"]

1. d4 Nf6 2. Nc3 d5 3. Bg5 c6 4. e3 Ne4 5. Nxe4 dxe4 6. c3 Qd5 7. Bf4 e6 8. Qc2
Nd7 9. Ne2 f5 10. Bc7 Nf6 11. Nf4 Qd7 12. Be5 Ng4 13. Bc4 Nxe5 14. dxe5 Qc7 15.
Qb3 Qxe5 16. Bxe6 Bxe6 17. Nxe6 b6 18. O-O-O Be7 19. g3 Bf6 20. Rd2 a5 21. Rhd1
a4 22. Qc4 Rc8 23. Rd6 b5 24. Qb4 Be7 25. Qd4 Bxd6 26. Nxg7+ Kf7 27. Qxe5 Bxe5
28. Nxf5 Rhd8 29. Rxd8 Rxd8 30. Nh4 a3 31. f4 exf3 32. Nxf3 Bf6 33. Nd4 Bxd4
34. exd4 axb2+ 35. Kxb2 Ke6 36. Kb3 Kd5 37. g4 Rf8 38. g5 Rf4 0-1

[Event "SR 3. liga A2 2017/2018"]
[Site "?"]
[Date "2017.10.22"]
[Round "2.6"]
[White "Takacs, Laszlo"]
[Black "Kozinka, Roman"]
[Result "1-0"]
[WhiteElo "2240"]
[BlackElo "2000"]
[PlyCount "101"]
[EventDate "2017.??.??"]

1. e4 c5 2. Nf3 d6 3. d4 cxd4 4. Nxd4 Nf6 5. Nc3 a6 6. Be3 e5 7. Nb3 Be6 8. f3
Be7 9. Qd2 Nbd7 10. O-O-O b5 11. g4 h6 12. h4 b4 13. Ne2 d5 14. exd5 Nxd5 15.
Bf2 a5 16. Kb1 a4 17. Nbc1 Qa5 18. f4 b3 19. f5 bxc2+ 20. Qxc2 Nb4 21. fxe6
Nxc2 22. exd7+ Kd8 23. Kxc2 Rb8 24. Nc3 Qb4 25. Nd3 Qb7 26. Rh3 e4 27. Nxa4
exd3+ 28. Rhxd3 Qc6+ 29. Nc3 Bf6 30. Kc1 Rb7 31. Be2 Rc7 32. Bg3 Ra7 33. Bf3
Qc4 34. Bf2 Ra6 35. a3 Qb3 36. Bc5 Qb8 37. Bb4 Ra7 38. Kb1 Be5 39. Rd5 f6 40.
Rb5 Qc7 41. Rc5 Qxc5 42. Bxc5 Rxd7 43. Rxd7+ Kxd7 44. Kc2 g6 45. a4 f5 46. gxf5
gxf5 47. a5 Rc8 48. b4 Bd6 49. Bxd6 Kxd6 50. a6 Rc7 51. Kb3 1-0

[Event "SR 3. liga A2 2017/2018"]
[Site "?"]
[Date "2017.10.22"]
[Round "2.6"]
[White "Capanda, Jan"]
[Black "Cibulka, Vladimir"]
[Result "0-1"]
[WhiteElo "1868"]
[BlackElo "2160"]
[PlyCount "98"]
[EventDate "2017.??.??"]

1. e4 Nf6 2. e5 Nd5 3. c4 Nb6 4. d4 d6 5. exd6 cxd6 6. Nc3 g6 7. Nf3 Bg7 8. Be3
Bg4 9. h3 Bxf3 10. Qxf3 Nc6 11. Rd1 O-O 12. Be2 e6 13. O-O d5 14. c5 Nc8 15.
Bb5 N8e7 16. a3 a6 17. Ba4 Nf5 18. Ne2 Qh4 19. Bxc6 bxc6 20. g3 Qe7 21. g4 Nxe3
22. fxe3 f5 23. b4 e5 24. Rf2 fxg4 25. Qxg4 Rxf2 26. Kxf2 Rf8+ 27. Kg2 exd4 28.
Nxd4 Qxe3 29. Qe6+ Qxe6 30. Nxe6 Rc8 31. Rf1 Be5 32. Re1 Bc3 33. Re3 Re8 34.
Kf3 a5 35. bxa5 Bxa5 36. Nd4 Rf8+ 37. Ke2 Rf6 38. Re7 Bc3 39. Ne6 Rf5 40. Nd8
Bd4 41. Nxc6 Bxc5 42. Rd7 Bxa3 43. Ne7+ Bxe7 44. Rxe7 Rh5 45. Rd7 Rxh3 46. Rxd5
Kf7 47. Kf2 Ke6 48. Ra5 Rd3 49. Kg2 h5 0-1

[Event "SR 3. liga A2 2017/2018"]
[Site "?"]
[Date "2017.10.22"]
[Round "2.6"]
[White "Blaho, Stefan"]
[Black "Lopatievov, Alexander"]
[Result "1-0"]
[WhiteElo "2029"]
[BlackElo "1859"]
[PlyCount "109"]
[EventDate "2017.??.??"]

1. d4 c6 2. c4 d5 3. Nc3 Nf6 4. Nf3 e6 5. e3 Nbd7 6. Be2 Bd6 7. O-O b6 8. Qc2
O-O 9. e4 dxe4 10. Nxe4 Nxe4 11. Qxe4 Bb7 12. Bd3 Nf6 13. Qh4 g6 14. Bg5 Be7
15. Rad1 Re8 16. Ne5 Nh5 17. Bxe7 Qxe7 18. Qxe7 Rxe7 19. Be2 Nf6 20. c5 b5 21.
Rfe1 Nd7 22. f4 Nf6 23. Bf3 Nd5 24. Bxd5 cxd5 25. c6 Bc8 26. Rc1 Rc7 27. Rc5
Rb8 28. g4 f6 29. Nf3 Rb6 30. Rec1 Kf7 31. g5 Ke7 32. Kf2 Ra6 33. a3 Ra5 34.
Ke3 a6 35. Kd3 Ra4 36. gxf6+ Kxf6 37. Ne5 b4 38. Ra1 Kf5 39. Ke3 bxa3 40. bxa3
h6 41. h4 a5 42. Rc3 Ba6 43. Rg1 Rg7 44. h5 g5 45. fxg5 Rxg5 46. Rxg5+ Kxg5 47.
Nf7+ Kxh5 48. Nd6 e5 49. Rb3 exd4+ 50. Kd2 Rc4 51. Nxc4 dxc4 52. Rb8 c3+ 53.
Kc2 Bc4 54. c7 Be6 55. c8=Q 1-0

[Event "SR 3. liga A2 2017/2018"]
[Site "?"]
[Date "2017.10.22"]
[Round "2.6"]
[White "Bango, Dominik"]
[Black "Rachela, Jozef"]
[Result "0-1"]
[WhiteElo "1779"]
[BlackElo "2034"]
[PlyCount "90"]
[EventDate "2017.??.??"]

1. e4 e5 2. Nf3 Nc6 3. Bb5 a6 4. Ba4 Nf6 5. d3 b5 6. Bb3 d6 7. Be3 Be7 8. O-O
Na5 9. Re1 O-O 10. Nbd2 c5 11. c3 Nxb3 12. axb3 Qc7 13. h3 h6 14. Qe2 Bb7 15.
Nf1 d5 16. exd5 Nxd5 17. Ng3 f5 18. Bd2 Bd6 19. Nxe5 Rae8 20. d4 cxd4 21. cxd4
Qc2 22. Bc3 Qxb3 23. Qd1 Qxd1 24. Raxd1 Nf4 25. f3 Rc8 26. Ne2 Nd5 27. Rc1 Rfe8
28. Ng3 g6 29. Nf1 Kg7 30. Kf2 f4 31. Nd3 Kf7 32. Bd2 g5 33. Nc5 Bxc5 34. dxc5
Rxe1 35. Bxe1 Ne7 36. Nd2 Rd8 37. Nb3 Rd5 38. Na5 Bc6 39. b4 Rd3 40. Ra1 Bd5
41. Rc1 Ke6 42. Rc3 Rd1 43. Nb3 Nc6 44. Nc1 Bc4 45. Rc2 Nxb4 0-1

[Event "SR 3. liga A2 2017/2018"]
[Site "?"]
[Date "2017.10.22"]
[Round "2.6"]
[White "Matis, Tibor"]
[Black "Rau, Vladimir"]
[Result "1-0"]
[WhiteElo "1844"]
[BlackElo "1694"]
[PlyCount "115"]
[EventDate "2017.??.??"]

1. e4 c6 2. d4 d5 3. Nc3 dxe4 4. Nxe4 Bf5 5. Ng3 Bg6 6. h4 h6 7. Nf3 Nd7 8. Bc4
e6 9. O-O Bd6 10. Qe2 Ngf6 11. Re1 O-O 12. Ne5 Bh7 13. Bf4 Bxe5 14. Bxe5 Nxe5
15. dxe5 Nd5 16. h5 Qg5 17. Bb3 Nf4 18. Qe3 Bf5 19. Rad1 Rad8 20. Qxa7 Bg4 21.
Rd6 b5 22. Qb6 Bxh5 23. Qxc6 Rb8 24. Nxh5 Qxh5 25. Qf3 Qg5 26. Rd4 Ng6 27. Qe4
Rfc8 28. Rd7 Rd8 29. Rd6 Rdc8 30. c3 Rc5 31. Qd4 Rbc8 32. Bd1 Rxe5 33. Rxe5
Qxe5 34. Qxe5 Nxe5 35. Rb6 Rd8 36. Bf3 Rd2 37. Rxb5 Nd3 38. Rb8+ Kh7 39. Be4+
f5 40. Bxd3 Rxd3 41. a4 Rd1+ 42. Kh2 Ra1 43. Re8 Rxa4 44. Rxe6 Ra2 45. Rb6 Ra1
46. Kg3 Rf1 47. c4 Rc1 48. Rc6 Rb1 49. Rb6 Rc1 50. b3 g5 51. Kf3 Rc3+ 52. Ke2
Rc2+ 53. Ke3 f4+ 54. Kd3 Rxf2 55. c5 Rxg2 56. c6 f3 57. c7 f2 58. Rf6 1-0

[Event "SR 3. liga A2 2017/2018"]
[Site "?"]
[Date "2017.10.22"]
[Round "2.6"]
[White "Gajarsky, Julius"]
[Black "Bugar, Peter"]
[Result "0-1"]
[WhiteElo "1730"]
[BlackElo "1763"]
[PlyCount "58"]
[EventDate "2017.??.??"]

1. d4 Nf6 2. c4 c5 3. e3 cxd4 4. exd4 d5 5. Nc3 Nc6 6. cxd5 Nxd5 7. Bb5 Nxc3 8.
bxc3 Qd5 9. Bxc6+ bxc6 10. Qf3 g6 11. Qxd5 cxd5 12. Ba3 e6 13. Bxf8 Rxf8 14.
Rb1 Ba6 15. Kd2 Kd7 16. Nf3 f6 17. Rb2 Rfc8 18. Rhb1 Kd6 19. Re1 Rc4 20. Rb4
Rc6 21. Re3 Rac8 22. Ra4 R8c7 23. h4 Bc4 24. Re1 Rb6 25. Rc1 e5 26. dxe5+ fxe5
27. g4 Rf7 28. Ke3 Rb2 29. a3 Re2# 0-1

[Event "SR 3. liga A2 2017/2018"]
[Site "?"]
[Date "2017.10.22"]
[Round "2.6"]
[White "Vagovic, Milan"]
[Black "Mezes, Kristof"]
[Result "0-1"]
[WhiteElo "1651"]
[BlackElo "1415"]
[PlyCount "82"]
[EventDate "2017.??.??"]

1. d4 e6 2. c4 d5 3. Nc3 Nf6 4. Nf3 c5 5. e3 Nc6 6. cxd5 cxd4 7. Nxd4 Nxd5 8.
Bb5 Nxc3 9. bxc3 Bd7 10. Qa4 Qc7 11. Bb2 Be7 12. O-O O-O 13. Nxc6 Bxc6 14. Bxc6
Qxc6 15. Qxc6 bxc6 16. Rfd1 Rab8 17. Rd2 Rb7 18. Rad1 Rfb8 19. Kf1 Rxb2 20. Rd7
R2b7 21. R7d2 Bf6 22. e4 h6 23. c4 c5 24. f3 Bd4 25. Ke2 Rb2 26. Rxb2 Rxb2+ 27.
Rd2 Rb1 28. Rd1 Rb4 29. Kd3 Ra4 30. Rd2 Kf8 31. f4 Ke7 32. Rc2 Kd7 33. g3 Kc7
34. e5 Ra3+ 35. Kd2 Rf3 36. Ke1 Kb6 37. Kd1 Ka5 38. Ke2 Rf2+ 39. Kd3 Rxc2 40.
Kxc2 Kb4 41. Kd3 Ka3 0-1

[Event "SR 3. liga A2 2017/2018"]
[Site "?"]
[Date "2017.11.05"]
[Round "3.1"]
[White "Lanc, Alois"]
[Black "Sosna, Jan"]
[Result "1/2-1/2"]
[WhiteElo "2307"]
[BlackElo "2331"]
[PlyCount "85"]
[EventDate "2017.??.??"]

1. e4 e5 2. Nf3 Nc6 3. Bb5 Nf6 4. d3 Bc5 5. c3 O-O 6. Bxc6 bxc6 7. Nxe5 d5 8.
d4 Nxe4 9. dxc5 Re8 10. Qd4 Qf6 11. Nf3 Qxd4 12. cxd4 Ng3+ 13. Be3 Nxh1 14. Kf1
f6 15. Kg1 Nxf2 16. Kxf2 a5 17. b3 g5 18. Nc3 Bf5 19. Ke2 Re7 20. Kd2 Rae8 21.
Bf2 a4 22. bxa4 Rb8 23. Kc1 Bd3 24. Nd2 h5 25. Nb3 Bf1 26. g3 Kf7 27. Kc2 Bg2
28. Be1 Bh3 29. Bd2 Kg6 30. a5 Rbe8 31. a3 Bf5+ 32. Kb2 Bd3 33. Na2 Re2 34.
Nac1 Bc4 35. Nxe2 Rxe2 36. a6 Bxa6 37. Kc3 Rxh2 38. Na5 Rh3 39. Nxc6 Rxg3+ 40.
Kb4 Bc4 41. Na5 Ba6 42. Nc6 Bc4 43. Na5 1/2-1/2

[Event "SR 3. liga A2 2017/2018"]
[Site "?"]
[Date "2017.11.05"]
[Round "3.1"]
[White "Kucharek, Jaroslav"]
[Black "Bango, Lukas"]
[Result "1/2-1/2"]
[WhiteElo "2041"]
[BlackElo "2093"]
[PlyCount "125"]
[EventDate "2017.??.??"]

1. d4 Nf6 2. c4 e6 3. g3 Bb4+ 4. Bd2 a5 5. Bg2 O-O 6. Nf3 d6 7. O-O Bxd2 8.
Nbxd2 Qe7 9. e4 e5 10. d5 Na6 11. b3 Bd7 12. Qe2 Rfb8 13. a4 c6 14. dxc6 bxc6
15. Ne1 Nc5 16. Rb1 Bg4 17. Qe3 Ra6 18. h3 Bh5 19. Nc2 Bg6 20. Na1 d5 21. cxd5
cxd5 22. exd5 Bxb1 23. Rxb1 e4 24. Rc1 Nd3 25. Rc4 Nxd5 26. Qxe4 Qxe4 27. Bxe4
N5b4 28. Nc2 Nxc2 29. Bxd3 Rd6 30. Bxc2 Rxd2 31. Kg2 g6 32. Kf3 Re8 33. Be4 f5
34. Bc6 Ree2 35. b4 Rxf2+ 36. Ke3 axb4 37. Rxb4 Rde2+ 38. Kd3 Rd2+ 39. Kc4 Ra2
40. Kb5 Kf8 41. Kb6 Rfb2 42. Rxb2 Rxb2+ 43. Bb5 Rb3 44. a5 Rxg3 45. a6 Ra3 46.
a7 Rxa7 47. Kxa7 Ke7 48. Kb6 Kd6 49. Bc6 g5 50. Bf3 Ke5 51. Kc5 Kf4 52. Bd5 Kg3
53. Kd4 f4 54. Be6 f3 55. Ke3 f2 56. Bc4 Kg2 57. Bd5+ Kg1 58. Bc4 f1=Q 59. Bxf1
Kxf1 60. Ke4 Kg2 61. Kf5 h6 62. Kg4 Kh2 63. h4 1/2-1/2

[Event "SR 3. liga A2 2017/2018"]
[Site "?"]
[Date "2017.11.05"]
[Round "3.1"]
[White "Capanda, Jan"]
[Black "Stanec, Stanislav"]
[Result "1-0"]
[WhiteElo "1865"]
[BlackElo "2046"]
[PlyCount "99"]
[EventDate "2017.??.??"]

1. e4 c6 2. f4 e5 3. d3 exf4 4. Bxf4 d5 5. exd5 Qxd5 6. Nc3 Bb4 7. a3 Bxc3+ 8.
bxc3 Nf6 9. c4 Qa5+ 10. Qd2 Qxd2+ 11. Kxd2 O-O 12. Nf3 Nbd7 13. h3 Nc5 14. g4
Rd8 15. Kc3 Ne6 16. Bg3 h6 17. Bg2 Ng5 18. Nxg5 hxg5 19. Rhe1 Re8 20. Bd6 Re6
21. Bc5 Kh7 22. Rab1 Rxe1 23. Rxe1 Bd7 24. Re7 b6 25. Bd4 Be8 26. Rc7 Kg6 27.
a4 Rb8 28. Rxa7 c5 29. Be5 Rc8 30. Bb7 Rd8 31. Bc7 Rd7 32. Bxb6 Re7 33. Kd2 Re5
34. Bc7 Re6 35. a5 Ba4 36. Bc8 Re7 37. Bf5+ Kh6 38. Bb6 Rxa7 39. Bxa7 g6 40.
Bc8 Nd7 41. Bb7 f5 42. a6 Kg7 43. Bxc5 Nxc5 44. a7 Nxb7 45. a8=Q Bc6 46. d4 Be4
47. c5 Kf7 48. Qa7 Bg2 49. c4 f4 50. d5 1-0

[Event "SR 3. liga A2 2017/2018"]
[Site "?"]
[Date "2017.11.05"]
[Round "3.1"]
[White "Hudacek, Josef"]
[Black "Lopatievov, Alexander"]
[Result "1-0"]
[WhiteElo "2045"]
[BlackElo "1862"]
[PlyCount "79"]
[EventDate "2017.??.??"]

1. e4 c6 2. d4 d5 3. f3 a6 4. Nc3 e6 5. Nge2 Nf6 6. e5 Nfd7 7. f4 c5 8. Be3 Nc6
9. Qd2 c4 10. g3 g6 11. Bg2 b5 12. Nd1 h5 13. O-O Ne7 14. Bf2 Nf5 15. Ne3 Be7
16. h3 Bb7 17. b3 Nb6 18. Rfb1 f6 19. Nf1 Rc8 20. Nh2 fxe5 21. dxe5 Qc7 22. Nf3
Kf7 23. Rf1 Nd7 24. Ned4 Nc5 25. g4 Ne4 26. Qe1 hxg4 27. hxg4 Nxd4 28. Bxd4 Bc5
29. Rd1 a5 30. Qe3 Bxd4 31. Nxd4 Qc5 32. f5 exf5 33. gxf5 gxf5 34. Rxf5+ Ke7
35. Bxe4 dxe4 36. Qg5+ Ke8 37. Qg6+ Kd8 38. e6 Qa7 39. Qf6+ Kc7 40. Qe5+ 1-0

[Event "SR 3. liga A2 2017/2018"]
[Site "?"]
[Date "2017.11.05"]
[Round "3.1"]
[White "Bango, Dominik"]
[Black "Vogl, Zdenek"]
[Result "1-0"]
[WhiteElo "1784"]
[BlackElo "1945"]
[PlyCount "131"]
[EventDate "2017.??.??"]

1. e4 e5 2. Nf3 Nc6 3. Bb5 a6 4. Ba4 b5 5. Bb3 Be7 6. c3 Nf6 7. Bc2 d6 8. O-O
Bg4 9. h3 Bh5 10. g4 Bg6 11. Re1 Qd7 12. d4 h5 13. Nh2 hxg4 14. hxg4 O-O-O 15.
d5 Na7 16. Be3 c5 17. f3 Rh4 18. Re2 Rdh8 19. Rg2 Nh7 20. Qe2 Ng5 21. Bxg5 Bxg5
22. Nd2 Bf4 23. Ndf1 Kb7 24. a4 Qc7 25. b4 cxb4 26. axb5 Qc5+ 27. Kh1 Nxb5 28.
cxb4 Qb6 29. Bd3 f6 30. Bxb5 Qxb5 31. Qxb5+ axb5 32. Rga2 Rb8 33. Ra7+ Kc8 34.
Rxg7 Be8 35. Ra6 Rh8 36. Rga7 Rb7 37. Rxb7 Kxb7 38. Rxd6 Bg5 39. Kg2 Kc7 40.
Ra6 Kb7 41. Ra2 Bd7 42. Ng3 Rc8 43. Ne2 Rc4 44. Rb2 Bh6 45. Nf1 Bf8 46. Ne3
Rxb4 47. Rc2 Kb6 48. Kf2 Bc5 49. Nc1 Ra4 50. Nd3 Bxe3+ 51. Kxe3 b4 52. Ke2 b3
53. Rb2 Ra2 54. Kd1 Ba4 55. Kc1 Ra1+ 56. Rb1 Ra2 57. Nb2 Bb5 58. Kd2 Ka5 59.
Kc3 Ra3 60. Nc4+ Bxc4 61. Kxc4 b2 62. Rxb2 Rxf3 63. d6 Rf4 64. Kc5 Ka4 65. Rb4+
Ka3 66. d7 1-0

[Event "SR 3. liga A2 2017/2018"]
[Site "?"]
[Date "2017.11.05"]
[Round "3.1"]
[White "Londin, Martin"]
[Black "Rau, Vladimir"]
[Result "1-0"]
[WhiteElo "1950"]
[BlackElo "1680"]
[PlyCount "149"]
[EventDate "2017.??.??"]

1. e4 c6 2. Nc3 d5 3. Nf3 dxe4 4. Nxe4 Bf5 5. Ng3 Bg4 6. Bc4 e6 7. h3 Bxf3 8.
Qxf3 Nf6 9. O-O Bd6 10. d3 O-O 11. Ne4 Nxe4 12. Qxe4 Qf6 13. f4 Nd7 14. d4 Rfe8
15. Bd3 g6 16. Be3 Qh4 17. Qf3 Nf6 18. c3 Nd5 19. Bd2 Qf6 20. Rae1 Rad8 21. Re2
c5 22. Be4 cxd4 23. Bxd5 exd5 24. Rxe8+ Rxe8 25. Qxd5 Re2 26. Bc1 dxc3 27. bxc3
Qe7 28. Bd2 Bc5+ 29. Kh1 Qe4 30. Qxe4 Rxe4 31. f5 gxf5 32. Rxf5 b6 33. Rd5 Kg7
34. Rg5+ Kf6 35. Rh5 Re2 36. Rd5 a5 37. c4 Re4 38. Bxa5 Rxc4 39. Bxb6 Ba3 40.
Rd2 Rc6 41. Bd8+ Kg6 42. Bh4 Rc4 43. Bf2 f5 44. g3 Bc1 45. Re2 Kf6 46. Kg2 Kf7
47. Kf3 Kf6 48. Be3 Bxe3 49. Rxe3 Rc2 50. a3 Ra2 51. h4 Ra1 52. Kf4 Rf1+ 53.
Rf3 Rg1 54. Rb3 Rf1+ 55. Ke3 Rg1 56. Kd4 Rd1+ 57. Kc5 Ra1 58. Kb5 Re1 59. a4
Re5+ 60. Ka6 Re4 61. a5 f4 62. Rf3 Re6+ 63. Kb5 Re5+ 64. Kb4 Re4+ 65. Kb3 Ke6
66. gxf4 Kf5 67. Rc3 Rxf4 68. a6 Kg6 69. Rc4 Rf7 70. Kb4 Kh5 71. Kb5 Rg7 72.
Kb6 Rg6+ 73. Kb7 Rg7+ 74. Rc7 Rg1 75. Rxh7+ 1-0

[Event "SR 3. liga A2 2017/2018"]
[Site "?"]
[Date "2017.11.05"]
[Round "3.1"]
[White "Vagovic, Milan"]
[Black "Hrubsa, Marian"]
[Result "0-1"]
[WhiteElo "1652"]
[BlackElo "1924"]
[PlyCount "68"]
[EventDate "2017.??.??"]

1. d4 d5 2. c4 e6 3. Nc3 Nf6 4. Nf3 c6 5. Bg5 Nbd7 6. e3 Qa5 7. Bxf6 Nxf6 8.
Bd3 Bb4 9. Qc2 dxc4 10. Bxc4 Ne4 11. Rc1 Nxc3 12. bxc3 Ba3 13. Rb1 O-O 14. O-O
Qh5 15. Be2 Qh6 16. c4 Bd6 17. e4 f6 18. c5 Bc7 19. a4 Rb8 20. Rb3 Rd8 21. Rd1
Bd7 22. Bc4 Kh8 23. d5 exd5 24. exd5 cxd5 25. Bb5 Bg4 26. g3 Qh5 27. Be2 Re8
28. Qd2 Re4 29. Re1 Rxa4 30. Nd4 Ba5 31. Qb2 Bxe1 32. Rxb7 Rxb7 33. Qxb7 Qe8
34. Bb5 Bxf2+ 0-1

[Event "SR 3. liga A2 2017/2018"]
[Site "?"]
[Date "2017.11.05"]
[Round "3.1"]
[White "Planka, Peter"]
[Black "Kramar, Matus"]
[Result "1-0"]
[WhiteElo "1806"]
[BlackElo "1544"]
[PlyCount "121"]
[EventDate "2017.??.??"]

1. e4 c5 2. Nf3 d6 3. d4 cxd4 4. Nxd4 Nf6 5. Nc3 g6 6. Be3 Bg7 7. Be2 O-O 8.
Qd2 Nc6 9. O-O Bd7 10. f3 a6 11. Kh1 Rc8 12. Nxc6 Bxc6 13. Bh6 b5 14. Bxg7 Kxg7
15. a3 Qb6 16. Bd3 Qd4 17. Qf2 Qxf2 18. Rxf2 d5 19. exd5 Nxd5 20. Nxd5 Bxd5 21.
Rd2 f5 22. a4 Rb8 23. axb5 axb5 24. Ra7 Kf6 25. Bxf5 Bxf3 26. Bxg6 Bxg2+ 27.
Kxg2 hxg6 28. Rf2+ Ke6 29. Re2+ Kd5 30. Raxe7 Rf5 31. Rd2+ Kc5 32. Rg7 Rg5+ 33.
Kf1 Rf8+ 34. Rf2 Rxf2+ 35. Kxf2 Kd4 36. Rd7+ Ke4 37. h3 Rf5+ 38. Ke2 Kf4 39.
Kf2 Ke4+ 40. Ke2 Kf4 41. Rd3 Re5+ 42. Kf2 Rg5 43. Rd4+ Ke5 44. Rb4 Kd6 45. Rg4
Rf5+ 46. Ke3 g5 47. Ke4 Re5+ 48. Kd4 Rc5 49. Kd3 Rd5+ 50. Rd4 Ke5 51. Rxd5+
Kxd5 52. c3 Ke5 53. Ke3 Kd5 54. b3 Ke5 55. Kf3 Kf5 56. c4 bxc4 57. bxc4 Ke5 58.
Kg4 Kd4 59. Kxg5 Kxc4 60. h4 Kd5 61. Kf6 1-0

[Event "SR 3. liga A2 2017/2018"]
[Site "?"]
[Date "2017.11.05"]
[Round "3.2"]
[White "Blatnicky, Miroslav"]
[Black "Takacs, Laszlo"]
[Result "0-1"]
[WhiteElo "2113"]
[BlackElo "2241"]
[PlyCount "114"]
[EventDate "2017.??.??"]

1. e4 c5 2. Nf3 e6 3. Nc3 a6 4. a3 Nc6 5. d4 cxd4 6. Nxd4 Qc7 7. Be2 Nf6 8. O-O
Be7 9. Kh1 O-O 10. f4 d6 11. Rf3 b5 12. Nxc6 Qxc6 13. Rg3 Bb7 14. Bf3 Qc4 15.
Qd3 Nd7 16. Be3 Rac8 17. Rd1 Rfd8 18. Rh3 Qxd3 19. cxd3 Bf6 20. d4 Nb6 21. e5
Bxf3 22. gxf3 Be7 23. Rg1 d5 24. Rhg3 g6 25. Nd1 Rc6 26. R3g2 Bf8 27. h3 Nc8
28. Bd2 Ne7 29. Ne3 h5 30. Bb4 Kh7 31. Bc5 Rd7 32. Kh2 Bh6 33. Kg3 h4+ 34. Kg4
Nf5 35. Re1 Rd8 36. Nxf5 exf5+ 37. Kxh4 Bxf4 38. Rg4 fxg4 39. Kxg4 Bh6 40. f4
Bf8 41. b4 Bxc5 42. bxc5 a5 43. h4 b4 44. axb4 axb4 45. Rb1 Rb8 46. Rb3 Ra6 47.
f5 Ra3 48. Rb1 Rd3 49. Kg5 gxf5 50. Kf6 Rxd4 51. Kxf7 Rc4 52. e6 Rxc5 53. Rg1
Kh6 54. e7 Rc7 55. Rg6+ Kh5 56. Rf6 b3 57. Rxf5+ Kxh4 0-1

[Event "SR 3. liga A2 2017/2018"]
[Site "?"]
[Date "2017.11.05"]
[Round "3.2"]
[White "Cibulka, Vladimir"]
[Black "Mikudik, Ivan"]
[Result "1-0"]
[WhiteElo "2152"]
[BlackElo "1877"]
[PlyCount "113"]
[EventDate "2017.??.??"]

1. d4 Nf6 2. Nf3 e6 3. Bg5 d5 4. e3 Be7 5. Nbd2 Nbd7 6. Bd3 c6 7. O-O O-O 8.
Ne5 h6 9. Bh4 c5 10. c3 Qb6 11. Rb1 Bd6 12. Bxf6 Nxf6 13. f4 Qc7 14. Rf3 b6 15.
Rh3 Bb7 16. Qf3 Ne4 17. Nxe4 dxe4 18. Bxe4 Bxe4 19. Qxe4 f5 20. Qd3 Bxe5 21.
fxe5 Rad8 22. Qc4 Qc6 23. Rf3 Kf7 24. Rxf5+ Ke7 25. Rxf8 Rxf8 26. dxc5 Rf5 27.
Qd4 Qxc5 28. Rd1 Qxe5 29. Qxe5 Rxe5 30. Kf2 Ra5 31. a3 Rb5 32. b4 Rf5+ 33. Ke2
Rd5 34. h3 Rg5 35. g4 h5 36. Kf3 hxg4+ 37. hxg4 a5 38. Kf4 Kf6 39. Rd6 axb4 40.
axb4 Rb5 41. Rc6 g5+ 42. Ke4 Re5+ 43. Kd3 Rd5+ 44. Ke2 b5 45. e4 Rd7 46. Rc5
Rb7 47. Ke3 e5 48. Rc6+ Kf7 49. Kd3 Rd7+ 50. Kc2 Rb7 51. Kb3 Rb8 52. c4 bxc4+
53. Kxc4 Rd8 54. b5 Rd1 55. b6 Rb1 56. Kd5 Rb5+ 57. Kd6 1-0

[Event "SR 3. liga A2 2017/2018"]
[Site "?"]
[Date "2017.11.05"]
[Round "3.2"]
[White "Podjavorinsky, Michal"]
[Black "Rachela, Jozef"]
[Result "1-0"]
[WhiteElo "1885"]
[BlackElo "2023"]
[PlyCount "97"]
[EventDate "2017.??.??"]

1. e4 e5 2. Nc3 Nf6 3. g3 Nc6 4. Bg2 Bc5 5. Nf3 a6 6. O-O d6 7. d3 Be6 8. h3 h6
9. Kh2 O-O 10. Qe2 Re8 11. Nh4 Nd4 12. Qd1 d5 13. exd5 Nxd5 14. Ne4 Be7 15. Nf3
Nxf3+ 16. Qxf3 Rb8 17. Nc3 Nb4 18. Qe2 Bf6 19. Ne4 Be7 20. Nc3 Bg5 21. Bxg5
Qxg5 22. a3 Nc6 23. Ne4 Qe7 24. b4 Nd4 25. Qd1 b6 26. c3 Nb3 27. Rb1 f5 28. Nd2
Nxd2 29. Qxd2 Qd6 30. Qe2 c5 31. Rfe1 Bd5 32. bxc5 Qxc5 33. d4 Qc6 34. Bxd5+
Qxd5 35. dxe5 Qc5 36. Rbd1 Qxc3 37. Rd3 Qc4 38. e6 b5 39. Qe3 Rbc8 40. Rd7 Qc5
41. Qf3 g6 42. Re2 Re7 43. Qd3 Rce8 44. Qd2 Kg7 45. Qb2+ Kg8 46. Qf6 Kh7 47.
Red2 a5 48. Rxe7+ Rxe7 49. Qxe7+ 1-0

[Event "SR 3. liga A2 2017/2018"]
[Site "?"]
[Date "2017.11.05"]
[Round "3.2"]
[White "Matis, Tibor"]
[Black "Miciak, Emanuel"]
[Result "0-1"]
[WhiteElo "1911"]
[BlackElo "1870"]
[PlyCount "100"]
[EventDate "2017.??.??"]

1. e4 c5 2. Nf3 d6 3. d4 cxd4 4. Nxd4 Nf6 5. Nc3 a6 6. a4 e6 7. Be3 Be7 8. Be2
O-O 9. O-O Bd7 10. a5 Nc6 11. Nb3 Be8 12. Bb6 Qc8 13. f4 Nd7 14. Na4 Rb8 15.
Rf3 Nxb6 16. Nxb6 Qc7 17. Qd2 Rd8 18. Kh1 Bf6 19. c4 Nb8 20. Bd3 Nd7 21. Qf2
Nc5 22. Nxc5 Qxc5 23. Qc2 g6 24. f5 Qe5 25. fxg6 fxg6 26. Raf1 Bc6 27. b4 Bg7
28. Qb1 Rxf3 29. Rxf3 Rf8 30. Rxf8+ Kxf8 31. b5 Be8 32. g3 Qc3 33. Nc8 Be5 34.
bxa6 bxa6 35. Qf1+ Kg7 36. c5 Qxc5 37. Bxa6 Bc6 38. Qb1 Qxa5 39. Bc4 d5 40. Bd3
Qa8 41. Nb6 Qb7 42. exd5 exd5 43. Qb4 d4+ 44. Kg1 Bh1 45. Bf1 d3 46. Qc5 Qe4
47. Qe7+ Kh6 48. Qf8+ Bg7 49. Qf4+ Qxf4 50. gxf4 Be4 0-1